00613nam a2200205Ia 4500003000400000008004100004020001500045040001600060082001900076100002500095245009100120700002200211700002100233250001000254260007200264300002800336650000900364650001700373650001700390GCL140319s9999 xx 000 0 eng d a4774245156 aGCL / cGCL04a700.48297bS I1 aD'AVENNES, E. PRISSE10aISLAMIC ART IN CAIRO : bFROM THE 7 th TO THE 18 th CENTURIES / cD'AVENNES, E. PRISSE1 aSCANLON, GEORGE T1 aYASEEN, SIDDIQUI aFIRST aالقاهرة : bTHE AMERICAN UNIVERSITY IN CAIRO PRESS ، c1999 a228 P:bILL ؛ c25 cm.04aARTS04aART, ISLAMIC04aISLAM - ARTS